000
00341pab a2200145 454500
008
180718b1987 xxu||||| |||| 00| 0 eng d
100
_a
Jayawardena, Lal
245
_a
A plan for resource transfer
260
_c
1987
300
_a
143-5
362
_a
10 Oct.
650
_a
Japan - Economic Policy
773
_a
Mainstream
909
_a
11461
999
_c
11461
_d
11461